000 01237cac a22003615a 4500
001 015808791
003 EG-ScBUE
005 20241128103755.0
008 110512t2012 njua f b 001 0 eng d
020 _a9780470646076 (pbk.)
020 _a0470646071 (pbk.)
040 _aStDuBDS
_beng
_erda
_cStDuBDS
_dEG-ScBUE
082 0 4 _a519.502462
_222
_bMON
100 1 _aMontgomery, Douglas C.,
_eauthor.
_920592
245 1 0 _aEngineering statistics /
_cDouglas C. Montgomery, George C. Runger, Norma Faris Hubele, Arizona State University.
250 _aFifth edition.
250 _aSI version.
264 1 _aHoboken, NJ :
_bJohn Wiley & Sons,
_c[2012]
264 4 _cc2012
300 _axix, 515 pages :
_billustrations ;
_c26 cm
336 _2rdacontent
_atext
_btxt
337 _2rdamedia
_aunmediated
_bn
338 _2rdacarrier
_avolume
_bnc
504 _aIncludes bibliographical references and index.
650 7 _aStatistics.
_2BUEsh
_92829
650 7 _aEngineering
_xStatistical methods.
_2BUEsh
_927510
651 _2BUEsh
653 _bBUSADM
_cAugust2015
_cDecember2015
655 _vReading book
700 1 _aRunger, George C.,
_eauthor.
_925472
700 1 _aHubele, Norma Faris,
_d1953-
_eauthor.
942 _2ddc
_cBB
999 _c20710
_d20682